Soviet supply protocols. (Record no. 89988)

MARC details
000 -LEADER
fixed length control field 00985cam a22002771 4500
001 - CONTROL NUMBER
control field sd 48000051
003 - CONTROL NUMBER IDENTIFIER
control field DLC
005 - DATE AND TIME OF LATEST TRANSACTION
control field 20260227112735.0
008 - FIXED-LENGTH DATA ELEMENTS--GENERAL INFORMATION
fixed length control field 801208s1948 dcu f000 0 eng
010 ## - LIBRARY OF CONGRESS CONTROL NUMBER
LC control number sd 48000051
035 ## - SYSTEM CONTROL NUMBER
System control number (OCoLC)7012183
040 ## - CATALOGING SOURCE
Original cataloging agency DLC
Transcribing agency ViAlUNJ
Modifying agency ViAlUNJ
-- OCoLC
-- DLC
042 ## - AUTHENTICATION CODE
Authentication code premarc
050 00 - LIBRARY OF CONGRESS CALL NUMBER
Classification number D753.2.R9
Item number A5 1948
110 1# - MAIN ENTRY--CORPORATE NAME
Corporate name or jurisdiction name as entry element United States.
Subordinate unit Department of State.
245 10 - TITLE STATEMENT
Title Soviet supply protocols.
260 ## - PUBLICATION, DISTRIBUTION, ETC.
Place of publication, distribution, etc. Washington,
Name of publisher, distributor, etc. U.S. Govt. Print. Off.,
Date of publication, distribution, etc. [1948]
300 ## - PHYSICAL DESCRIPTION
Extent viii, 156 p.
Dimensions 24 cm.
490 1# - SERIES STATEMENT
Series statement Its Publication 2759. European series,
Volume/sequential designation 22
500 ## - GENERAL NOTE
General note At head of title: Wartime international agreements.
650 #0 - SUBJECT ADDED ENTRY--TOPICAL TERM
Topical term or geographic name entry element World War, 1939-1945
General subdivision Equipment and supplies.
650 #0 - SUBJECT ADDED ENTRY--TOPICAL TERM
Topical term or geographic name entry element World War, 1939-1945
Form subdivision Treaties.
650 #0 - SUBJECT ADDED ENTRY--TOPICAL TERM
Topical term or geographic name entry element Lend-lease operations (1941-1945)
810 1# - SERIES ADDED ENTRY--CORPORATE NAME
Corporate name or jurisdiction name as entry element United States.
Subordinate unit Department of State.
Title of a work Publication ;
Volume/sequential designation no. 2759.
810 1# - SERIES ADDED ENTRY--CORPORATE NAME
Corporate name or jurisdiction name as entry element United States.
Subordinate unit Department of State.
Title of a work European series ;
Volume/sequential designation no. 22

No items available.

Powered by Koha